131 races de chiens - Statistiques

Statistiques générales
  • Ce quiz a été pris 149 fois
  • Le résultat moyen est 24 sur 130
Statistiques - réponses
Par images Réponse % Correct
BERGER AUSTRALIEN
93%
BERGER ALLEMAND
71%
TECKEL
66%
GOLDEN RETRIEVER
63%
CHIHUAHUA
60%
CAVALIER KING CHARLES
57%
SHIBA
56%
BEAGLE
54%
BOULEDOGUE FRANCAIS
52%
BOUVIER BERNOIS
48%
DALMATIEN
47%
ROTTWEILER
43%
CARLIN
40%
CHOW CHOW
39%
AKITA
38%
SAINT BERNARD
36%
YORKSHIRE TERRIER
35%
BOXER
34%
EPAGNEUL BRETON
34%
RETRIEVER DU LABRADOR
32%
SAMOYEDE
32%
BERGER BLANC SUISSE
31%
CHIEN DE BERGER BELGE MALINOIS
31%
SHAR PEI
31%
TERRE NEUVE
31%
BULL TERRIER
28%
CANICHE
28%
BULLDOG
27%
HUSKY DE SIBERIE
27%
CHIEN DE BERGER DES SHETLAND
26%
BERGER AMERICAIN MINIATURE
25%
LEVRIER AFGHAN
25%
BORDER COLLIE
24%
SETTER ANGLAIS
24%
BASSET HOUND
23%
DOGUE ALLEMAND
23%
SHIH TZU
23%
BRAQUE DE WEIMAR
22%
CHIEN DE COUR ITALIEN
22%
BICHON MALTAIS
21%
EURASIER
20%
AKITA AMERICAIN
19%
DOBERMANN
19%
WELSH CORGI PEMBROKE
17%
BERGER DE BEAUCE
16%
CHIEN DE SAINT HUBERT
16%
CHIEN LOUP TCHECOSLOVAQUE
16%
SETTER GORDON
16%
BOUVIER AUSTRALIEN
15%
CHIEN CHINOIS A CRETE
15%
COCKER SPANIEL ANGLAIS
15%
DOGUE ARGENTIN
15%
PINSCHER NAIN
15%
BASENJI
14%
BERGER HOLLANDAIS
14%
COLLIE A POIL LONG
14%
DOGUE DE BORDEAUX
14%
MALAMUTE DE L'ALASKA
14%
STAFFORDSHIRE BULL TERRIER
14%
WHIPPET
14%
BRAQUE FRANCAIS
13%
GRAND BOUVIER SUISSE
13%
LANDSEER
13%
SPITZ ALLEMAND
13%
AIREDALE TERRIER
12%
COTON DE TULEAR
12%
LHASSA APSO
12%
TERRIER DE BOSTON
12%
BARZOÏ
11%
BICHON A POIL FRISE
11%
RETRIEVER A POIL PLAT
11%
SCHNAUZER NAIN
11%
SPITZ JAPONAIS
11%
WELSH CORGI CARDIGAN
11%
BICHON HAVANAIS
9%
BULLMASTIFF
9%
BULL TERRIER MINIATURE
9%
COCKER SPANIEL AMERICAIN
9%
EPAGNEUL FRANCAIS
9%
EPAGNEUL NAIN CONTINENTAL
9%
PETIT EPAGNEUL DE MÜNSTER
9%
RETRIEVER DE LA NOUVELLE ECOSSE
9%
STAFFORDSHIRE TERRIER AMERICAIN
9%
TERRIER ECOSSAIS
9%
BASSET FAUVE DE BRETAGNE
8%
BERGER DE PICARDIE
8%
BRAQUE ALLEMAND A POIL COURT
8%
CAIRN TERRIER
8%
CHIEN DE RHODESIE A CRETE DORSALE
8%
CHIEN FINNOIS DE LAPONIE
8%
SETTER IRLANDAIS ROUGE
8%
WEST HIGHLAND WHITE TERRIER
8%
BORDER TERRIER
7%
BULLDOG CONTINENTAL
7%
CHIEN D'ARRET ALLEMAND A POIL DUR
7%
CHIEN D'EAU ROMAGNOL
7%
CHIEN DE BERGER KANGAL
7%
CHIEN DE LEONBERG
7%
CHIEN DE MONTAGNE DES PYRENEES
7%
PETIT CHIEN RUSSE
7%
PETIT LEVRIER ITALIEN
7%
POINTER ANGLAIS
7%
SCHNAUZER GEANT
7%
TERRIER DE CHASSE ALLEMAND
7%
BERGER DE BRIE
6%
BERGER DES PYRENEES A POIL LONG
6%
GREYHOUND
6%
HOVAWART
6%
SCHNAUZER MOYEN
6%
TERRIER JACK RUSSELL
6%
BASSET DES ALPES
5%
BEARDED COLLIE
5%
CHIEN DE BERGER ANGLAIS ANCESTRAL
5%
CHIEN DE BERGER BELGE GROENENDAEL
5%
CHIEN DE BERGER BELGE TERVUEREN
5%
EPAGNEUL TIBETAIN
5%
FOX TERRIER POIL DUR
5%
FOX TERRIER POIL LISSE
5%
GRIFFON FAUVE DE BRETAGNE
5%
SCHIPPERKE
5%
BASSET ARTESIEN NORMAND
4%
CURSINU
4%
EPAGNEUL PEKINOIS
4%
GRIFFON A POIL DUR KORTHALS
4%
TERRIER DU REVEREND RUSSELL
4%
TERRIER TIBETAIN
4%
BRAQUE HONGROIS A POIL COURT
3%
ENGLISH SPRINGER SPANIEL
3%
GRIFFON NIVERNAIS
3%
LAIKA DE IAKOUTIE
3%
Aucun quiz correspondant
Distribution des résultats
% des personnes avec chaque résultat
Percentile par nombre de réponses
Votre historique - résultats
Vous n’avez pas pris ce quiz